01209nam0a22002171 4500001001100000005001700011035002600028100004100054101000800095102000700103105001800110200042200128210006700550215007300617300010700690512008300797700005200880801001800932801002200950852001900972rc\301370120250530012912.0 a(NLR Aleph) 007156088 a20110924d1935 |||y0rusy50 ca0 arus aRU ac z |||||1 aИтоги уборки, хлебопоставок, осеннего сева 1935 года и ближайшие задачи хозяйственного и культурного строительства НемреспубликиeДоклад пред. Центр. исполн. ком. и Сов. нар. ком. АССРНП т. А.А. Вельш на III сессии ЦИК'а 30 сент. - 2 окт. aЭнгельсcНемгосиздатd1935gтип. НКМП aОбл., 30 с., 1 вкл. л. портр.cпортр.d18×13 см aНа обл. загл.: Все силы на борьбу за передовую республику00aВсе силы на борьбу за передовую республику 1aВельшbА.А.gАдам Андреевич 0aRUbNLRgpsbo 1aRUbELAR2rusmarc aNLRj35-9/1616